| 000 | 00628nam a22002057a 4500 | ||
|---|---|---|---|
| 999 |
_c12052 _d12052 |
||
| 003 | AR-CdUCM | ||
| 008 | 190405b ||||| |||| 00| 0 spa d | ||
| 040 |
_aMUNICIPALIDAD PROVINCIAL DEL CUSCO _cBIBLIOTECA MUNICIPAL DEL CUSCO |
||
| 082 |
_a869.26 / _bG36 / 1926 |
||
| 100 |
_aGerchunoff, Alberto _929713 |
||
| 245 | _aEl hombre que habló en la Sorbona / | ||
| 260 |
_aBuenos Aires : _bGleizer, _c1926. |
||
| 300 |
_a208 paginas ; _c19 cm. |
||
| 505 | _aContenido :Ensayos / | ||
| 650 |
_aLiteratura argentina _984 |
||
| 650 |
_aEnsayos _9375 |
||
| 650 |
_aSiglo XX _98 |
||
| 942 |
_2ddc _cLIBROS |
||
| 945 |
_arjall _d2018-04-05 |
||